| 000 | 00447nam a2200169Ia 4500 | ||
|---|---|---|---|
| 005 | 20241004155750.0 | ||
| 008 | 170106s2003||||xx |||||||||||||| ||und|| | ||
| 020 |
_a9780521004671 _qpbk |
||
| 020 |
_a0521004675 _qpbk |
||
| 082 |
_a320.54 _bGAN |
||
| 100 | _aGans, Chaim | ||
| 245 | 0 | _aThe limits of nationalism | |
| 260 |
_aCambridge _bCambridge University Press _c2003 |
||
| 300 | _aix, 192p. ; 23cm. | ||
| 653 | _aPhilosophy | ||
| 942 |
_cBK _2ddc |
||
| 999 |
_c11257 _d11257 |
||